[Event "SVK-chT2C 1415"]
[Site "Slovakia"]
[Date "2015.02.01"]
[Round "7.8"]
[White "Postek, Daniel"]
[Black "Salata, Tibor"]
[Result "1/2-1/2"]
[WhiteElo "1523"]
[BlackElo "1848"]
[PlyCount "79"]
[EventDate "2014.10.11"]
[EventType "team-tourn"]
[EventRounds "11"]
[EventCountry "SVK"]
[SourceTitle "EXT 2016"]
[Source "ChessBase"]
[SourceDate "2015.10.08"]
[SourceVersion "1"]
[SourceVersionDate "2015.10.08"]
[SourceQuality "1"]
[WhiteTeam "Cadca Caissa II"]
[BlackTeam "Rajecke Teplice"]
[WhiteTeamCountry "SVK"]
[BlackTeamCountry "SVK"]

1. d4 Nf6 2. Nf3 g6 3. c4 Bg7 4. Nc3 0-0 5. e4 d6 6. Be2 Nc6 7. 0-0 Re8 8. d5 Nb8 9. Qc2 e6 10. dxe6 Rxe6 11. Bd2 Nc6 12. a3 Bd7 13. Rad1 Re8 14. Bg5 h6 15. Bc1 Qc8 16. b4 a6 17. Bb2 Bg4 18. Nd4 Nxd4 19. Rxd4 Bxe2 20. Qxe2 Nd7 21. Rd2 a5 22. Nd5 axb4 23. Bxg7 Kxg7 24. axb4 Nf6 25. Nxf6 Kxf6 26. Rd5 Kg7 27. Rfd1 Re5 28. R5d3 Qe8 29. Re3 f6 30. g3 Qa4 31. f4 Re7 32. b5 Qa7 33. Kg2 Qb8 34. e5 Qe8 35. Re1 fxe5 36. fxe5 dxe5 37. Rxe5 Rxe5 38. Qxe5+ Qxe5 39. Rxe5 Kf6 40. Rd5 1/2-1/2